| 000 | 00739cab a2200229 4500 | ||
|---|---|---|---|
| 001 | WB3431-27 | ||
| 008 | 090401t1998 xxu||||| |||| 00| 0 eng d | ||
| 035 | _a(Sirsi) u87977 | ||
| 041 | _aeng | ||
| 245 | _aDeveloper pulls out of HK deal | ||
| 260 | _c1998 | ||
| 350 | _a0 | ||
| 490 |
_aFinancial Times _v12 August 1998, 6(1) |
||
| 520 | _aHong Kong`s leading property developer, Sun Hung Kai Securities, has pulled out of a key residential project, sending more tremours through the already unstable property market. | ||
| 650 | _aFINANCIAL MARKETS | ||
| 650 | _aHONG KONG | ||
| 650 | _aPROPERTY DEVELOPERS | ||
| 650 | _aSUN HUNG KAI SECURITIES | ||
| 690 | _aOVERSEAS-REST OF THE WORLD | ||
| 942 | _n0 | ||
| 948 | _c12/08/1998 | ||
| 999 |
_c55535 _d55535 |
||